00425cam a2200181 a 4500001000800000005001700008008004100025010001700066020002800083040001800111041000800129080001700137082002100154100000700175101000800182245003600190999001700226116263920171214073855.0960531s1997 miua b 001 0 eng  a 96023915  a0787601543 (alk. paper) aDLCcDLCdDLC aeng a305.409 BRA00a305.409 BRA220 a50 aSOC00aChronology of women worldwide : c38939d38939